Date a live all Spirits - Statistics

General Stats
  • This quiz has been taken 110 times
  • The average score is 11 of 15
Answer Stats
Hint Answer % Correct
10 Tohka Yatokami
93%
Tohka Yatokami
93%
3 Kurumi Tokisaki
92%
Kurumi Tokisaki
92%
5 Kotori Itsuka
83%
Kotori Itsuka
83%
4 Yoshino Himekawa
82%
9 Miku Izayoi
79%
1 Origami Tobiichi
79%
8 Kaguya Yamai
68%
8 Yuzuru Yamai
68%
7 Natsumi Kagamino
63%
0 Mio Takamiya
54%
2 Nia Honjyo
53%
6 Mukuro Hoshimiya
51%
No matching quizzes found
Score Distribution
Percent of People with Each Score
Percentile by Number Answered
Your Score History
You have not taken this quiz